| 000 | 00691nam a22002417a 4500 | ||
|---|---|---|---|
| 003 | UA-OsUOA | ||
| 001 | 30203 | ||
| 007 | ta | ||
| 008 | 20041105b un ||||| |||| 00| 0 ukr d | ||
| 100 | _aМякин А. Д. | ||
| 090 |
_a913(520) _bМ99 |
||
| 942 | _cBK | ||
| 040 |
_aUA-OsUOA _brus _cUA-OsUOA _dUA-OsUOA |
||
| 245 |
_aУ карты мира _bГеографический очерк |
||
| 300 |
_a96 с. _bІлюстрації |
||
| 955 | _a0 | ||
| 041 | _arus | ||
| 080 | _a913(520) | ||
| 260 |
_aМосква _bГосударственное издательство географической литературы _c1956 |
||
| 044 | _aRU | ||
| 650 | 7 | _2UDC | |
| 999 |
_c316611 _d316611 |
||